Same Name Cities - Statistics

General Stats
  • This quiz has been taken 41 times
  • The average score is 6 of 10
Answer Stats
Country 1 Answer Country 2 % Correct
United States Athens Greece
92%
United States San Jose Costa Rica
81%
Canada London United Kingdom
78%
Libya Tripoli Lebanon
78%
India Hyderabad Pakistan
68%
Dominican Republic Santiago Chile
68%
Mexico La Paz Bolivia
59%
Spain Valencia Venezuela
57%
Australia Newcastle United Kingdom
43%
India Kochi Japan
16%
No matching quizzes found
Score Distribution
Percent of People with Each Score
Percentile by Number Answered
Your Score History
You have not taken this quiz